| 000 | 00464pam a2200157a 44500 | ||
|---|---|---|---|
| 008 | 230405s2010 xxu||||| |||| 00| 0 eng d | ||
| 041 | _aENG | ||
| 100 | _aDAVID B V | ||
| 245 | _aGENERAL AND APPLIED ENTOMOLOGY | ||
| 250 | _a2ND ED.2010 . Ed. | ||
| 260 |
_aNew Delhi _bTata Megraw -Hill Publishing Company _c2010 |
||
| 300 | _a1184p. | ||
| 440 | _aBHARATI M. SAHAKARI GRAHAK BHANDAR, PUNE, B-2599, DT-11/10/10 | ||
| 700 | _aANANTHAKRISHNAN T N | ||
| 906 | _a316 | ||
| 999 |
_c289195 _d289195 |
||